US States with Catholic Basilicas - Statistics

General Stats
  • This quiz has been taken 100 times
  • The average score is 25 of 34
Answer Stats
# of Basilicas State % Correct
9 New York
98%
7 California
96%
4 Texas
94%
6 Florida
91%
3 Illinois
90%
2 Georgia
88%
1 Arizona
87%
3 Massachusetts
82%
6 Ohio
82%
1 New Jersey
80%
3 Michigan
79%
6 Pennsylvania
79%
2 Connecticut
78%
2 Indiana
78%
2 Maryland
78%
1 Maine
76%
2 Virginia
76%
2 New Mexico
74%
3 North Carolina
73%
2 Minnesota
72%
1 Alabama
71%
2 Wisconsin
71%
2 Louisiana
70%
3 Missouri
70%
1 Colorado
68%
3 Kentucky
66%
1 South Carolina
65%
1 Tennessee
65%
2 Iowa
61%
1 Kansas
56%
1 Hawaii
55%
1 Mississippi
54%
1 West Virginia
39%
1 North Dakota
33%
No matching quizzes found
Score Distribution
Percent of People with Each Score
Percentile by Number Answered
Your Score History
You have not taken this quiz